00445nam a2200157Ia 4500008004100000020001400041082001500055100002500070245006400095250000800159260004700167300002400214500001900238600001500257650001500272240925s9999 xx 000 0 und d a199467064 a658.15 SAL aSalvatore, Dominick. 0aManagerial Economics: principles and worldwide applications a8th aNew York:bOxford University Pressc,2016. a569p.bNAfOriginal aIncludes Index aManagement aManagement